[Event "Ogolnopolska Olimpiada Mlodziezy C-14"]
[Site "Spala"]
[Date "1899-12-30"]
[Round "8.18"]
[White "Modlich, Kacper"]
[Black "Miszkielo, Bartosz"]
[Result "1-0"]
[WhiteTitle "II+"]
[BlackTitle "I"]
[WhiteElo "1592"]
[BlackElo "1707"]

1. e4 c5 2. Nf3 Nc6 3. d4 cxd4 4. Nxd4 e5 5. Nb5 d6 6. N1c3 a6 7. Na3 Be7 8. Nc4
b5 9. Ne3 Nf6 10. Bd3 Be6 11. O-O O-O 12. Ncd5 Rc8 13. a4 Bxd5 14. exd5 Nb4 15.
axb5 axb5 16. Bxb5 Rc5 17. c4 Nbxd5 18. Nxd5 Nxd5 19. b4 Nxb4 20. Ba3 e4 21. Bxb4
Rg5 22. Ra7 Bf6 23. Bxd6 Qb6 24. Ra6 Qb7 25. Bxf8 e3 26. f3 Kxf8 27. Qd6+ Be7
28. Qc6 1-0

[Event "Ogolnopolska Olimpiada Mlodziezy C-14"]
[Site "Spala"]
[Date "1899-12-30"]
[Round "8.19"]
[White "Kubiak, Jakub"]
[Black "Laszczak, Przemyslaw"]
[Result "1/2-1/2"]
[WhiteTitle "I"]
[BlackTitle "II+"]
[WhiteElo "1646"]
[BlackElo "1625"]

1. e4 c6 2. d4 d5 3. exd5 cxd5 4. Bf4 Nc6 5. c3 Nf6 6. Bd3 g6 7. Nf3 Bg4 8. Nbd2
Bg7 9. O-O O-O 10. h3 Bf5 11. Bxf5 gxf5 12. Ne5 Ne4 13. Nxe4 fxe4 14. Qg4 Kh8
15. Qh5 Nxe5 16. Bxe5 Bxe5 17. Qxe5+ f6 18. Qe6 Rg8 19. Rae1 Rc8 20. Re3 Rc6 21.
Qf5 Rg5 22. Qf4 Qg8 23. g3 Rh5 24. g4 Rg5 25. Rg3 e5 26. Qe3 b6 27. Kh2 Rc7 28.
f4 exf4 29. Rxf4 Rc6 30. Qf2 Rg6 31. h4 h6 32. h5 Rg5 33. Rxf6 Rxf6 34. Qxf6+
Qg7 35. Qxg7+ Rxg7 36. Kg2 Rf7 37. Re3 b5 38. b3 Rc7 39. Kg3 Kg7 40. Kf4 Kf6 41.
Rg3 Ke6 42. g5 Rf7+ 43. Kg4 hxg5 44. Kxg5 Rh7 45. Kg6 Rh8 46. Re3 Rg8+ 47. Kh7
1/2-1/2

[Event "Ogolnopolska Olimpiada Mlodziezy C-14"]
[Site "Spala"]
[Date "1899-12-30"]
[Round "8.20"]
[White "Tokarz, Krzysztof"]
[Black "Miasik, Adrian"]
[Result "0-1"]
[WhiteTitle "II"]
[BlackTitle "II"]
[WhiteElo "1498"]
[BlackElo "1594"]

1. Nf3 d5 2. g3 e6 3. Bg2 c5 4. O-O Nc6 5. d4 Nf6 6. Bg5 Qb6 7. Qc1 cxd4 8. Nbd2
Be7 9. Nb3 e5 10. c3 dxc3 11. Qxc3 Ne4 12. Qc1 Bxg5 13. Nxg5 Nf6 14. Rd1 h6 15.
Nf3 Be6 16. Qc5 Ne4 17. Qxb6 axb6 18. Nfd2 Nf6 19. Nf1 Ke7 20. a3 Rac8 21. Rac1
Rhd8 22. Nfd2 d4 23. Na1 Bd5 24. f3 Na5 25. Bh3 Rxc1 26. Rxc1 Be6 27. Bxe6 Kxe6
28. Nab3 Nxb3 29. Nxb3 Nd5 30. Nd2 Rd7 31. Kf2 Rc7 32. Rxc7 Nxc7 33. e3 Kd5 34.
Ke2 Ne6 35. b4 dxe3 36. Kxe3 Nd4 37. Kd3 f5 38. h3 b5 39. g4 g6 40. Kc3 e4 41.
fxe4+ fxe4 42. Nf1 Ne2+ 43. Kd2 Nf4 44. h4 Ng2 45. h5 gxh5 46. gxh5 Kd4 47. Nh2
e3+ 48. Ke2 Nf4+ 49. Kf3 e2 50. Kf2 Kd3 51. Nf3 Nxh5 0-1

[Event "Ogolnopolska Olimpiada Mlodziezy C-14"]
[Site "Spala"]
[Date "1899-12-30"]
[Round "8.21"]
[White "Trendowski, Michal"]
[Black "Paliszewski, Dominik"]
[Result "0-1"]
[WhiteTitle "II+"]
[BlackTitle "II"]
[WhiteElo "1582"]
[BlackElo "1648"]

1. e4 c6 2. d4 d5 3. e5 c5 4. Nf3 Bg4 5. Nc3 Nc6 6. Be2 e6 7. Bg5 Qb6 8. Nb5 Bxf3
9. gxf3 a6 10. Nd6+ Bxd6 11. exd6 Nxd4 12. c3 Nxe2 13. Qxe2 Qxd6 14. O-O-O f6
15. Be3 O-O-O 16. Rhe1 Re8 17. Qd2 Ne7 18. Qc2 Rd8 19. Qa4 Nc6 20. Qa3 d4 21.
cxd4 cxd4 22. Qb3 Qc5+ 23. Kb1 Qf5+ 0-1

[Event "Ogolnopolska Olimpiada Mlodziezy C-14"]
[Site "Spala"]
[Date "1899-12-30"]
[Round "8.22"]
[White "Mendak, Mateusz"]
[Black "Bakalarczyk, Jakub"]
[Result "1/2-1/2"]
[WhiteTitle "II"]
[BlackTitle "II"]
[WhiteElo "1575"]
[BlackElo "1442"]

1. e4 c6 2. d4 d5 3. Nc3 dxe4 4. Nxe4 Bf5 5. Nc5 Nd7 6. Bd3 Bxd3 7. Nxd3 e6 8.
Nf3 Bd6 9. O-O Ngf6 10. Bg5 Qc7 11. Re1 O-O-O 12. Qe2 Nf8 13. b4 Ng6 14. c4 h6
15. Bxf6 gxf6 16. g3 Rhe8 17. c5 Bf8 18. Qe4 f5 19. Qe2 Bg7 20. Nde5 Nxe5 21.
dxe5 Rd5 22. Rad1 Red8 23. Rd2 R8d7 24. Red1 Qd8 25. Rxd5 Rxd5 26. Rxd5 Qxd5 27.
a3 Qe4 28. Qxe4 fxe4 29. Nd2 Bxe5 30. Nxe4 f5 31. Nd2 Kc7 32. Nc4 Ba1 33. f4 b6
34. cxb6+ axb6 35. a4 b5 36. axb5 cxb5 37. Na3 Kc6 38. Kg2 Bc3 39. Nc2 Kd5 40.
Na3 Bxb4 41. Nxb5 Bf8 42. Nc3+ Kd6 43. Ne2 e5 44. fxe5+ Kxe5 45. Kf3 Bd6 46. Nf4
Bb8 47. Ng6+ Kf6 48. Nh4 Kg5 49. Ng2 Bc7 50. Ne3 f4 51. Nd5 fxg3 1/2-1/2

[Event "Ogolnopolska Olimpiada Mlodziezy C-14"]
[Site "Spala"]
[Date "1899-12-30"]
[Round "8.23"]
[White "Holownia, Michal"]
[Black "Krawczyk, Piotr"]
[Result "1-0"]
[WhiteTitle "II"]
[BlackTitle "II+"]
[WhiteElo "1576"]
[BlackElo "1513"]

1. e4 g6 2. d4 Bg7 3. f4 c5 4. d5 d6 5. Nf3 Na6 6. Bd3 Nc7 7. a4 Nf6 8. Qe2 O-O
9. O-O Nfe8 10. c4 e6 11. Nc3 exd5 12. exd5 Nf6 13. f5 Na6 14. fxg6 fxg6 15. Ng5
Ng4 16. Rxf8+ Qxf8 17. Ne6 Bd4+ 18. Nxd4 cxd4 19. Ne4 Nc5 20. Nxc5 dxc5 21. h3
Nf6 22. Bg5 Qd6 23. Rf1 Bf5 24. Bxf5 gxf5 25. Rxf5 Rf8 26. Qe6+ Qxe6 27. dxe6
Ne4 28. Re5 Nxg5 29. Rxg5+ Kh8 30. Rxc5 Re8 31. Rd5 Rxe6 32. Rxd4 Rb6 33. Rd2
Rb4 34. a5 Kg7 35. c5 Rb5 36. Rd7+ Kg6 37. a6 bxa6 38. Rxa7 Rxc5 39. Rxa6+ Kh5
40. b4 Rc2 41. b5 Rb2 42. Ra7 h6 43. Rb7 Kh4 44. b6 Kg3 45. Rg7+ Kh4 46. b7 Kh5
47. Kf1 Kh4 48. Ke1 h5 49. g4 hxg4 50. hxg4 Kg3 51. Kd1 Kf4 52. Kc1 Rb6 53. Kc2
Ke5 54. g5 Kf5 55. Kc3 Ke5 56. Kc4 Rb1 57. Kc5 Rc1+ 58. Kb6 Kd6 59. Ka7 Ra1+ 60.
Kb6 Rc1 61. g6 Re1 62. Rg8 Re7 63. Ka7 Re1 64. b8=Q+ Kc6 65. Rc8+ 1-0

[Event "Ogolnopolska Olimpiada Mlodziezy C-14"]
[Site "Spala"]
[Date "1899-12-30"]
[Round "9.1"]
[White "Janik, Igor"]
[Black "Gumularz, Szymon"]
[Result "1-0"]
[WhiteTitle "I++"]
[BlackTitle "I++"]
[WhiteElo "2052"]
[BlackElo "2024"]

1. e4 c5 2. Nf3 d6 3. d4 cxd4 4. Nxd4 Nf6 5. Nc3 a6 6. g3 e5 7. Nb3 Be7 8. Bg2
O-O 9. a4 Bg4 10. Qd3 Nc6 11. Nd5 Nxd5 12. exd5 Nb4 13. Qe4 a5 14. Qxg4 Nxc2+
15. Kd1 Nxa1 16. Nxa1 Qb6 17. Nc2 Qb3 18. Re1 f5 19. Qf3 Qxa4 20. Qa3 Qd7 21.
Bd2 Bd8 22. Kc1 Bb6 23. Be3 Bxe3+ 24. Nxe3 f4 25. Nd1 fxg3 26. hxg3 Rac8+ 27.
Kb1 Qc7 28. Qc3 Qb6 29. Qd2 Rc4 30. Be4 a4 31. Qd3 Rd4 32. Bxh7+ Kh8 33. Qc2 Qb3
34. Rh1 Qxc2+ 35. Bxc2+ Kg8 36. Re1 b5 37. Be4 b4 38. f3 a3 39. Ne3 Rd2 40. Nc4
Rh2 41. bxa3 bxa3 42. Nxa3 Rb8+ 43. Kc1 Rb3 44. Nc2 Kf7 45. Rd1 Kf6 46. Rd3 Rh1+
47. Kd2 Rh2+ 48. Ke3 Rb2 49. Rc3 Rb1 50. Kd3 Rg2 51. Ne3 Rgg1 52. Rc2 Rge1 53.
Kd2 Rh1 54. Ng4+ Kg5 55. Bd3 Rbg1 56. Nf2 Rh2 57. Ke3 Kh5 58. Ne4 Re1+ 59. Re2
Rhxe2+ 60. Bxe2 Rg1 61. Nxd6 Rxg3 62. Ne4 Rh3 63. d6 Kg6 64. d7 Rh8 65. Nc5 Rd8
66. Ne6 Rxd7 67. Nf8+ Kf5 68. Nxd7 g5 69. Bd3+ Ke6 70. Nc5+ Kd5 71. Ke4+ 1-0

[Event "Ogolnopolska Olimpiada Mlodziezy C-14"]
[Site "Spala"]
[Date "1899-12-30"]
[Round "9.2"]
[White "Walter, Szymon"]
[Black "Chylewski, Patryk"]
[Result "1-0"]
[WhiteTitle "I+"]
[BlackTitle "I+"]
[WhiteElo "1942"]
[BlackElo "1899"]

1. e4 c5 2. Nf3 d6 3. d4 cxd4 4. Nxd4 Nf6 5. Nc3 a6 6. h3 e6 7. g4 h6 8. Bg2 Qc7
9. O-O Nc6 10. Re1 Bd7 11. Nxc6 Bxc6 12. Nd5 Qd8 13. Be3 Nd7 14. Bd4 e5 15. Bc3
Be7 16. Ne3 g6 17. Nc4 Qc7 18. Bb4 Nc5 19. Ba5 Qb8 20. Qd2 b5 21. Nb6 Ra7 22.
Nd5 Bxd5 23. exd5 Kf8 24. f4 Nd7 25. fxe5 Nxe5 26. Bc3 Bf6 27. Qf2 Bg7 28. a4
Re7 29. axb5 axb5 30. Ra6 Kg8 31. Rb6 Rb7 32. Rxb7 Qxb7 33. Ra1 Nc4 34. Ra7 Qb6
35. Qxb6 Nxb6 36. Bxg7 Kxg7 37. Rb7 Nc4 38. Rxb5 Ne3 39. c3 f5 40. gxf5 gxf5 41.
Bf3 Kf6 42. Kf2 f4 43. Rb7 Ra8 44. Ke2 Ra5 45. b4 Ra2+ 46. Kd3 Rh2 47. Ke4 Rxh3
48. Kxf4 Nc4 49. Rc7 Ne5 50. Be2 Rh2 51. Ke3 Rh3+ 52. Kd2 Rg3 53. b5 Rg8 54. b6
Rb8 55. b7 Kg5 56. Ke3 h5 57. Ke4 h4 58. Bf1 Ng4 59. Rg7+ Kh5 60. Be2 h3 61. Rxg4
Re8+ 62. Kd3 h2 63. Rg2+ Kh4 64. Rxh2+ Kg3 65. Rh7 Kf4 66. Rc7 Rb8 67. Kd4 Kf5
68. Ba6 1-0

[Event "Ogolnopolska Olimpiada Mlodziezy C-14"]
[Site "Spala"]
[Date "1899-12-30"]
[Round "9.3"]
[White "Grela, Kacper"]
[Black "Klepek, Witold"]
[Result "0-1"]
[WhiteTitle "I+"]
[BlackTitle "I"]
[WhiteElo "2025"]
[BlackElo "1815"]

1. e4 c5 2. Nf3 e6 3. d4 cxd4 4. Nxd4 Nf6 5. Nc3 Nc6 6. Ndb5 Bb4 7. a3 Bxc3+ 8.
Nxc3 d5 9. exd5 exd5 10. Bd3 O-O 11. O-O d4 12. Ne2 Bg4 13. f3 Bh5 14. Bg5 Qd6
15. Qe1 Rfe8 16. Qf2 Bg6 17. Rad1 Rad8 18. Rd2 Bxd3 19. Rxd3 h6 20. Bxf6 Qxf6
21. Rfd1 a5 22. Kf1 Re3 23. R3d2 Qe5 24. Qh4 Re8 25. Nc1 Qb5+ 26. Nd3 a4 27. Qf4
Qc4 28. Kf2 b5 29. Qd6 Ne5 30. Nb4 d3 31. cxd3 Qh4+ 32. Kf1 Nc4 33. g3 Qh3+ 0-1

[Event "Ogolnopolska Olimpiada Mlodziezy C-14"]
[Site "Spala"]
[Date "1899-12-30"]
[Round "9.4"]
[White "Koziol, Kamil"]
[Black "Kowalski, Igor"]
[Result "1-0"]
[WhiteTitle "I++"]
[BlackTitle "I"]
[WhiteElo "2005"]
[BlackElo "1852"]

1. e4 c5 2. Nf3 e6 3. d4 cxd4 4. Nxd4 Nc6 5. Nc3 Qc7 6. Nb3 a6 7. Bd3 b5 8. O-O
Bb7 9. f4 Bb4 10. Bd2 Nf6 11. a3 Be7 12. e5 Nd5 13. Nxd5 exd5 14. Kh1 h5 15. Qe2
h4 16. h3 Qb6 17. f5 O-O-O 18. a4 b4 19. a5 Qa7 20. c3 bxc3 21. bxc3 f6 22. Be3
Qa8 23. e6 Ne5 24. Bf4 Nxd3 25. Qxd3 dxe6 26. fxe6 g5 27. Bh2 d4 28. Qc4+ Bc6
29. Nxd4 Rxd4 30. cxd4 Kd8 31. d5 Bb7 32. Qc7+ Ke8 33. Qd7+ Kf8 34. Rxf6+ 1-0

[Event "Ogolnopolska Olimpiada Mlodziezy C-14"]
[Site "Spala"]
[Date "1899-12-30"]
[Round "9.5"]
[White "Szmer, Aleksander"]
[Black "Karpus, Michal"]
[Result "1/2-1/2"]
[WhiteTitle "I"]
[BlackTitle "I+"]
[WhiteElo "1732"]
[BlackElo "1902"]

1. d4 Nf6 2. Nc3 g6 3. e4 d6 4. f3 Bg7 5. Be3 O-O 6. Qd2 Re8 7. O-O-O c6 8. g4
b5 9. h4 Qa5 10. Kb1 e5 11. dxe5 dxe5 12. Nd5 Qxd2 13. Nxf6+ Bxf6 14. Rxd2 Be6
15. h5 Nd7 16. hxg6 hxg6 17. g5 Bg7 18. Bh3 Nf8 19. Ne2 Bxh3 20. Rxh3 Rad8 21.
Rxd8 Rxd8 22. Bxa7 Rd1+ 23. Nc1 Ne6 24. Be3 Re1 25. Bd2 Rg1 26. Be3 Rg2 27. c3
Nxg5 28. Bxg5 Rxg5 29. b3 Rg1 30. a4 Bf8 31. Kc2 Ba3 32. Nd3 Rg2+ 33. Kb1 bxa4
34. bxa4 f6 35. f4 exf4 36. Nxf4 Rg4 37. Rf3 Kf7 38. Nh3 Ke6 39. Nf2 Rg2 40. a5
Rg5 41. a6 Ra5 42. Kc2 Rxa6 43. Kd3 Bd6 44. Ng4 Be7 45. Ne3 Ra8 46. Rg3 Rd8+ 47.
Ke2 Kf7 48. Ng4 Rh8 49. Kd3 Rd8+ 50. Ke2 Ke6 51. Ne3 g5 52. Rf3 Ke5 53. Nf5 g4
54. Rf1 Bc5 55. Ng3 Bd6 56. Nh5 Be7 57. Ng3 Ke6 58. Ke3 Bd6 59. Nf5 Be5 60. Nd4+
Kd6 61. Rd1 Rh8 62. Nf5+ Kc5 63. Rg1 g3 64. Kf3 Bxc3 65. Rc1 Kb4 66. Rb1+ Ka3
67. Kxg3 c5 68. Rb6 Rd8 69. Kf3 Ka4 70. Ne3 Bd4 71. Nc4 Rh8 72. Ke2 Rh3 73. Kd2
Rb3 74. Rxb3 Kxb3 75. Kd3 Kb4 76. Nd6 Ka5 77. Kc4 Kb6 78. Nf5 Be5 79. Ne7 Kc7
80. Nf5 Kc6 81. Ne7+ Kd6 82. Nf5+ Kc6 83. Ne7+ Kd6 84. Nf5+ 1/2-1/2

[Event "Ogolnopolska Olimpiada Mlodziezy C-14"]
[Site "Spala"]
[Date "1899-12-30"]
[Round "9.6"]
[White "Woloch, Oskar"]
[Black "Raczynski, Krzysztof"]
[Result "1-0"]
[WhiteTitle "I+"]
[BlackTitle "I"]
[WhiteElo "1892"]
[BlackElo "1634"]

1. e4 c5 2. b3 Nc6 3. Bb2 e5 4. Bc4 Nf6 5. Nc3 Be7 6. d3 O-O 7. Nge2 d6 8. O-O
Be6 9. a4 d5 10. exd5 Nxd5 11. Nxd5 Bxd5 12. Nc3 Bxc4 13. bxc4 Bd6 14. Nd5 Qh4
15. g3 Qh3 16. f4 f5 17. Qf3 Rae8 18. Rae1 Qh6 19. Re2 Qg6 20. Rfe1 exf4 21. Nxf4
Bxf4 22. Qxf4 Rxe2 23. Rxe2 Qh5 24. Re1 Qf7 25. Bc3 Qd7 26. a5 h6 27. h4 Qd8 28.
Re6 Rf7 29. Kg2 Nb4 30. Bxb4 cxb4 31. Re5 b3 32. Rd5 Rd7 33. Rxd7 Qxd7 34. cxb3
Qxd3 35. Qb8+ Kh7 36. Qxb7 Qd2+ 37. Kh3 Qxa5 38. b4 Qa1 39. Qf3 Qe5 40. c5 a5
41. bxa5 Qxc5 42. a6 Qa5 43. Qd3 h5 44. Qe2 f4 45. Qd3+ Kh6 46. gxf4 g6 47. Kh2
Qa2+ 48. Kg3 Qa1 49. Kf2 Qb2+ 50. Qe2 Qb6+ 51. Kg2 Qc6+ 52. Kg3 Qc3+ 53. Qf3 Qe1+
54. Qf2 Qc3+ 55. Kh2 Qc6 56. a7 Qe4 57. Kg3 Qa4 58. Qe3 Kh7 59. Qe7+ Kh6 60. Qf8+
1-0

[Event "Ogolnopolska Olimpiada Mlodziezy C-14"]
[Site "Spala"]
[Date "1899-12-30"]
[Round "9.7"]
[White "Tamon, Radoslaw"]
[Black "Wyczling, Bartosz"]
[Result "1/2-1/2"]
[WhiteTitle "I"]
[BlackTitle "I"]
[WhiteElo "1707"]
[BlackElo "1747"]

1. d4 f5 2. c4 Nf6 3. Nc3 g6 4. Nf3 Bg7 5. g3 O-O 6. Bg2 d6 7. O-O Qe8 8. Re1 e5
9. e4 Nxe4 10. Nxe4 fxe4 11. Rxe4 Bf5 12. Re1 Nc6 13. dxe5 dxe5 14. Qd5+ Kh8 15.
Qc5 e4 16. Bf4 Qc8 17. Ne5 Nd8 18. Qe7 Ne6 19. Nf7+ Kg8 20. Nh6+ Kh8 21. Nf7+
Kg8 22. Nh6+ Kh8 23. Nf7+ 1/2-1/2

[Event "Ogolnopolska Olimpiada Mlodziezy C-14"]
[Site "Spala"]
[Date "1899-12-30"]
[Round "9.8"]
[White "Zaleski, Lukasz"]
[Black "Drozdowski, Konrad"]
[Result "1/2-1/2"]
[WhiteTitle "I"]
[BlackTitle "I+"]
[WhiteElo "1876"]
[BlackElo "1967"]

1. e4 Nf6 2. e5 Nd5 3. d4 d6 4. Nf3 Bg4 5. Be2 c6 6. O-O Bxf3 7. Bxf3 dxe5 8. dxe5
e6 9. a3 Nd7 10. Qe2 Be7 11. c4 N5b6 12. Rd1 Qc7 13. Bf4 Nf8 14. Nc3 Ng6 15. Bg3
Nd7 16. Re1 O-O 17. Rad1 Bh4 18. Bxh4 Nxh4 19. Bh5 Rad8 20. Qe4 Nf5 21. b4 Nb6
22. Bg4 Ne7 23. f4 Rxd1 24. Rxd1 Rd8 25. g3 Rxd1+ 26. Bxd1 Qd7 27. Bc2 g6 28.
Qd3 Qxd3 29. Bxd3 Nf5 30. Kf2 h5 31. a4 Nd7 32. Ne4 Kf8 33. a5 b6 34. a6 Nb8 35.
b5 cxb5 36. cxb5 Nd7 37. h3 Ke7 38. g4 hxg4 39. hxg4 Nh6 40. Be2 Kd8 41. Ke3 Ng8
42. Bc4 Nh6 43. Kf3 Kc7 44. Kg3 Nc5 45. Nd6 f5 46. g5 Ng4 47. Kf3 Nh2+ 48. Ke2
Kd7 49. Nf7 Ne4 50. Nh8 Ng3+ 51. Kd3 Ke7 52. Nxg6+ Kf7 53. Nh4 Nh5 54. Ke3 Ng4+
55. Kf3 Nh2+ 56. Kg2 Ng4 57. Nxf5 Nxf4+ 58. Kf3 Nxe5+ 59. Kxf4 Nxc4 60. g6+ Kxg6
61. Ne7+ Kf6 62. Nc8 e5+ 63. Kf3 Ke6 64. Nxa7 Nd6 65. Ke3 Kd5 66. Ke2 Nxb5 67.
Nc6 Nc7 68. Na7 1/2-1/2

[Event "Ogolnopolska Olimpiada Mlodziezy C-14"]
[Site "Spala"]
[Date "1899-12-30"]
[Round "9.9"]
[White "Lukasiewicz, Krzysztof"]
[Black "Sernecki, Franciszek"]
[Result "1/2-1/2"]
[WhiteTitle "I"]
[BlackTitle "I"]
[WhiteElo "1803"]
[BlackElo "1773"]

1. e4 d6 2. d4 Nf6 3. Nc3 c6 4. Nf3 Bg4 5. h3 Bh5 6. Be2 e6 7. O-O Be7 8. Be3 O-O
9. Qd2 Bxf3 10. Bxf3 d5 11. Rad1 Bb4 12. e5 Nfd7 13. a3 Be7 14. Ne2 Nb6 15. Nf4
Nc4 16. Qc1 Qb6 17. Nd3 Nd7 18. a4 c5 19. dxc5 Nxc5 20. b3 Nxe3 21. Qxe3 Nxd3
22. Qxb6 axb6 23. Rxd3 Rac8 24. c4 dxc4 25. Rd7 Bc5 26. Bxb7 Rcd8 27. Rxd8 Rxd8
28. bxc4 Rd2 29. Bc6 g6 30. Bb5 Re2 31. Bc6 Rc2 32. Bb5 Kg7 33. g4 Kh6 34. Kg2
Bd4 35. Be8 Kg7 36. Bb5 Rd2 37. Kf3 Bxe5 38. Ke3 Ra2 39. Rd1 Ra3+ 40. Rd3 Bf4+
41. Ke2 Ra2+ 42. Kf3 g5 43. Be8 Kf8 44. Bb5 Ra1 45. Kg2 Rc1 46. Rd8+ Kg7 47. Rd7
Rc2 48. Kf3 Rc3+ 49. Kg2 Rc2 1/2-1/2

[Event "Ogolnopolska Olimpiada Mlodziezy C-14"]
[Site "Spala"]
[Date "1899-12-30"]
[Round "9.10"]
[White "Janiszewski, Filip"]
[Black "Choina, Michal"]
[Result "1-0"]
[WhiteTitle "I"]
[BlackTitle "II"]
[WhiteElo "1824"]
[BlackElo "1627"]

1. e4 c5 2. Nf3 d6 3. d4 cxd4 4. Nxd4 Nf6 5. Nc3 g6 6. Be3 Bg7 7. f3 Nc6 8. Qd2
O-O 9. O-O-O Bd7 10. Kb1 Rc8 11. g4 Ne5 12. h4 Nc4 13. Bxc4 Rxc4 14. h5 a6 15.
hxg6 fxg6 16. e5 dxe5 17. Ne6 Bxe6 18. Qxd8 Rxd8 19. Rxd8+ Kf7 20. Bg5 Rc8 21.
Rd2 Rc7 22. Bh4 Rd7 23. Rxd7 Nxd7 24. Ne4 h6 25. Kc1 Bd5 26. Nc3 Bc6 27. Kd2 Ke6
28. Ke3 Nf6 29. Rd1 g5 30. Bg3 Nd5+ 31. Nxd5 Bxd5 32. b3 b5 33. Be1 Bf6 34. Bb4
Bc6 35. Rd8 Bd5 36. Rb8 Kd7 37. Rb6 Kc7 38. Rxa6 Kb7 39. Ra5 Bc6 40. Bc5 Kc7 41.
Ra7+ Bb7 42. a4 bxa4 43. Rxa4 Kc6 44. Ba3 Kb6 45. Bb2 Bc6 46. Ra1 Bb7 47. Rd1
Kc7 48. c4 Ba6 49. Rd5 Bb7 50. Bxe5+ Bxe5 51. Rxe5 Kd6 52. Rf5 Bc8 53. Rf8 Bd7
54. Rh8 1-0

[Event "Ogolnopolska Olimpiada Mlodziezy C-14"]
[Site "Spala"]
[Date "1899-12-30"]
[Round "9.11"]
[White "Poplawski, Maciej"]
[Black "Bilczewski, Kacper"]
[Result "0-1"]
[WhiteTitle "II"]
[BlackTitle "I"]
[WhiteElo "1591"]
[BlackElo "1801"]

1. d4 e6 2. c4 b6 3. Nc3 Bb7 4. e4 Bb4 5. Qc2 Qh4 6. Bd3 f5 7. g3 Qe7 8. Nge2 Nf6
9. O-O Bxc3 10. Nxc3 Nc6 11. d5 Nb4 12. Qd1 Nxd3 13. Qxd3 fxe4 14. Qd4 exd5 15.
cxd5 O-O 16. Bf4 d6 17. Rfe1 Qf7 18. Rad1 Rae8 19. Rd2 Qh5 20. Nb5 g5 21. Nxc7
gxf4 22. Nxe8 Qxe8 23. gxf4 Qh5 24. f3 exf3 25. Re7 Bxd5 26. Kf1 Qh3+ 27. Ke1
Qh4+ 28. Kf1 Rc8 29. Re1 Qh3+ 30. Kg1 Qg4+ 31. Kf1 Bc4+ 32. Kf2 Qg2+ 33. Ke3 Re8+
34. Qe5 Rxe5+ 35. fxe5 Qg5+ 36. Kxf3 Qxd2 0-1

[Event "Ogolnopolska Olimpiada Mlodziezy C-14"]
[Site "Spala"]
[Date "1899-12-30"]
[Round "9.12"]
[White "Leskiewicz, Ignacy"]
[Black "Urbanski, Wojciech"]
[Result "0-1"]
[WhiteTitle "I"]
[BlackTitle "II"]
[WhiteElo "1685"]
[BlackElo "1400"]

1. e4 c5 2. Nf3 a6 3. d4 cxd4 4. Nxd4 Nf6 5. Nc3 e5 6. Nb3 Bb4 7. Bd3 d5 8. exd5
Nxd5 9. Bd2 Nxc3 10. bxc3 Bd6 11. O-O O-O 12. Qe2 f5 13. Rad1 Qc7 14. f3 Nd7 15.
Rfe1 Nc5 16. Nxc5 Qxc5+ 17. Kh1 Be6 18. c4 Rac8 19. Be3 Qc7 20. Qd2 Rf6 21. Bg5
Rg6 22. h4 h6 23. Be3 Rf6 24. Rb1 Bxc4 25. Bxc4+ Qxc4 26. Rxb7 f4 27. Bg1 Qxc2
28. Qd5+ Kh8 29. Rb6 Rg6 30. g4 Bb8 31. Reb1 Rxb6 32. Rxb6 Ba7 33. Rxh6+ gxh6
34. Qxe5+ Kg8 35. Qe6+ Kg7 36. Qe7+ Kg8 37. Qe6+ Kg7 38. Qd7+ Kf8 39. Qd6+ Kg7
40. Qd7+ Kf8 41. Qxa7 Qc6 42. Kg2 Qc2+ 43. Bf2 Qxa2 44. Qd4 Qe6 45. Qxf4+ Kg8
46. Qd2 Kh7 47. Be3 Re8 48. Bxh6 Qe2+ 49. Kg3 Qxd2 50. Bxd2 Rd8 51. Bc3 Rd3 52.
Bf6 Rd6 53. Be5 Re6 54. f4 a5 55. Bb2 Rb6 56. Be5 Rb3+ 57. Kf2 a4 58. h5 a3 59.
g5 Rh3 60. h6 Kg6 61. Kg2 Rh5 62. Kf3 Kf5 63. Kg2 a2 64. Kg1 Rh4 65. Bc3 Kg6 66.
Kg2 Rxf4 67. Bg7 Ra4 68. Ba1 Rb4 69. Kf3 Rb1 70. Be5 a1=Q 71. Bxa1 Rxa1 72. Kf4
Rf1+ 73. Kg4 Rb1 74. Kf4 Rb4+ 75. Ke5 Kxg5 76. h7 Rh4 77. Kd4 0-1

[Event "Ogolnopolska Olimpiada Mlodziezy C-14"]
[Site "Spala"]
[Date "1899-12-30"]
[Round "9.13"]
[White "Blocinski, Maciej"]
[Black "Sulkowski, Andrzej"]
[Result "1-0"]
[WhiteTitle "I"]
[BlackTitle "II+"]
[WhiteElo "1665"]
[BlackElo "1585"]

1. d4 e6 2. c4 f5 3. Nf3 d5 4. Nc3 c6 5. Bf4 Bd6 6. Bxd6 Qxd6 7. e3 Nf6 8. Bd3
O-O 9. Qc2 Ne4 10. g4 fxg4 11. Ne5 Ng5 12. h4 gxh3 13. f4 dxc4 14. Nxc4 Qc7 15.
O-O-O Nf7 16. Bxh7+ Kh8 17. Rxh3 e5 18. Bg8+ Bxh3 19. Qh7# 1-0

[Event "Ogolnopolska Olimpiada Mlodziezy C-14"]
[Site "Spala"]
[Date "1899-12-30"]
[Round "9.14"]
[White "Wrobel, Michal"]
[Black "Gaj, Szymon"]
[Result "0-1"]
[WhiteTitle "I"]
[BlackTitle "II+"]
[WhiteElo "1746"]
[BlackElo "1544"]

1. d4 g6 2. c4 Bg7 3. Nc3 c5 4. d5 Bxc3+ 5. bxc3 f5 6. g3 Nf6 7. Bg2 d6 8. Qd3
Qa5 9. Bg5 Ne4 10. Bd2 Nxd2 11. Qxd2 Nd7 12. Nf3 Nb6 13. O-O Bd7 14. Rfe1 O-O-O
15. e4 Nxc4 16. Qd3 Na3 17. Ng5 Rde8 18. e5 Bb5 19. Qd1 Ba4 20. Qf3 Nc2 21. exd6
Nxe1 22. Rxe1 exd6 23. Re6 Bd7 24. Nf7 Bxe6 25. Nxd6+ Kc7 26. Nxb7 Bxd5 0-1

[Event "Ogolnopolska Olimpiada Mlodziezy C-14"]
[Site "Spala"]
[Date "1899-12-30"]
[Round "9.15"]
[White "Szustakowski, Antoni"]
[Black "Modlich, Kacper"]
[Result "1-0"]
[WhiteTitle "II"]
[BlackTitle "II+"]
[WhiteElo "1621"]
[BlackElo "1592"]

1. d4 d5 2. c4 e6 3. g3 Nf6 4. Bg2 b6 5. Nf3 Bb7 6. Nc3 Be7 7. O-O O-O 8. cxd5
exd5 9. Qc2 Nbd7 10. Rd1 c5 11. dxc5 bxc5 12. e3 Qc7 13. b3 Rfd8 14. Bb2 Rac8
15. Rac1 Nb6 16. Qb1 Qb8 17. Ne2 Ne4 18. Qa1 Bf6 19. Bxf6 Nxf6 20. Nd2 Ba6 21.
Nc3 Qe5 22. Nf3 Qh5 23. Qb2 Bb7 24. Qe2 Qg4 25. Nd2 Qb4 26. Qb5 Qg4 27. Qe2 Qe6
28. Nf3 h6 29. Qb2 Ne4 30. Nxe4 dxe4 31. Rxd8+ Rxd8 32. Nd2 Rc8 33. Qa3 Qd6 34.
Nxe4 Qc6 35. Rxc5 Qd7 36. Rxc8+ Nxc8 37. Qc1 Ne7 38. Nc5 Qc7 39. Bxb7 a5 40. Bg2
g6 41. Nd3 Qd6 42. Nb2 Qa3 43. Qb1 Nf5 44. Nc4 Qc5 45. Qd3 Qb4 46. Qd2 Qc5 47.
Qxa5 Qc8 48. Bh3 Qd7 49. Bxf5 gxf5 50. Qd2 Qa7 51. a4 Qb8 52. Qc2 Qb4 53. Nd2
f4 54. exf4 Qe7 55. Nf3 1-0

[Event "Ogolnopolska Olimpiada Mlodziezy C-14"]
[Site "Spala"]
[Date "1899-12-30"]
[Round "9.16"]
[White "Miasik, Adrian"]
[Black "Filewicz, Radoslaw"]
[Result "0-1"]
[WhiteTitle "II"]
[BlackTitle "I"]
[WhiteElo "1594"]
[BlackElo "1508"]

1. d4 Nf6 2. c4 g6 3. Nc3 Bg7 4. Nf3 O-O 5. e4 d6 6. Be2 Nbd7 7. O-O e5 8. d5 Nc5
9. Qc2 a5 10. Be3 b6 11. a3 Ng4 12. Bd2 f5 13. Bg5 Qe8 14. h3 Nf6 15. Nd2 f4 16.
Bxf6 Bxf6 17. b4 Nd7 18. Nb5 Qd8 19. Bg4 Kg7 20. Qa4 Ra6 21. Qb3 h5 22. Be2 Ra8
23. Rac1 Bg5 24. Nf3 Be7 25. Nc3 g5 26. Nh2 Nf6 27. Qd1 Kh6 28. Kh1 Rg8 29. Qd3
Rg6 30. c5 dxc5 31. bxc5 Bxc5 32. Nf3 Nd7 33. a4 Bd6 34. Nh2 Nc5 35. Qc2 g4 36.
Nb5 gxh3 37. gxh3 Bxh3 38. Rg1 Qf6 39. Nxd6 cxd6 40. Rxg6+ Qxg6 41. Rg1 Qxe4+
42. Qxe4 Nxe4 43. Nf3 Nxf2+ 44. Kh2 Bg4 45. Rg2 Ne4 46. Nxe5 dxe5 0-1

[Event "Ogolnopolska Olimpiada Mlodziezy C-14"]
[Site "Spala"]
[Date "1899-12-30"]
[Round "9.17"]
[White "Rak, Maciej"]
[Black "Hrymowicz, Artur"]
[Result "1/2-1/2"]
[WhiteTitle "II"]
[BlackTitle "II"]
[WhiteElo "1395"]
[BlackElo "1425"]

1. e4 c5 2. Nc3 Nc6 3. f4 e6 4. Nf3 d5 5. Bb5 Nf6 6. exd5 exd5 7. Ne5 Qd6 8. Bxc6+
bxc6 9. d3 Be7 10. O-O O-O 11. Kh1 Qc7 12. Ne2 Bd6 13. Nf3 Re8 14. h3 Nh5 15.
Nfg1 Ba6 16. c3 Re7 17. g4 Nf6 18. Ng3 g6 19. N3e2 c4 20. d4 Rae8 21. f5 Ne4 22.
Kg2 Ng3 23. Nxg3 Bxg3 24. Qf3 Bh2 25. Bf4 Bxf4 26. Qxf4 Qxf4 27. Rxf4 Re1 28.
Rxe1 Rxe1 29. fxg6 hxg6 30. Rf1 Re4 31. Nf3 Bc8 32. Ne5 f5 33. Nxg6 fxg4 34. Rf8+
Kg7 35. Rxc8 gxh3+ 36. Kxh3 Kxg6 37. Rxc6+ Kf5 38. Rd6 Re3+ 39. Kg2 Re2+ 40. Kf3
Rxb2 41. Rxd5+ Ke6 42. Ra5 Rc2 43. Ra3 Kf5 44. Ke3 Ke6 45. Ke4 Re2+ 46. Kf3 Rc2
47. Rxa7 Rxc3+ 48. Ke4 Rc1 49. d5+ Kd6 50. Kd4 c3 51. Ra6+ Kd7 52. Rc6 c2 53.
Kd3 1/2-1/2